[Event "Berlin Lichtenberger op 14th"]
[Site "Berlin"]
[Date "2015.08.23"]
[Round "9"]
[White "Heldt, Ronny"]
[Black "Kather, Yannick"]
[Result "0-1"]
[WhiteElo "1922"]
[BlackElo "2041"]
[PlyCount "62"]
[EventDate "2015.08.15"]
[EventType "swiss"]
[EventRounds "9"]
[EventCountry "GER"]
[SourceTitle "EXT 2016"]
[Source "ChessBase"]
[SourceDate "2015.10.08"]
[SourceVersion "1"]
[SourceVersionDate "2015.10.08"]
[SourceQuality "1"]

1. g3 g6 2. Bg2 Bg7 3. Nf3 Nf6 4. 0-0 0-0 5. d3 d5 6. Nbd2 c5 7. e4 Nc6 8. Re1 b6 9. exd5 Nxd5 10. a4 Bb7 11. Nc4 e6 12. Bg5 Qc7 13. Qd2 Rfe8 14. Bh6 Bh8 15. h4 Nd4 16. h5 Nxf3+ 17. Bxf3 Bd4 18. hxg6 Qxg3+ 19. Kf1 Qxf3 20. gxf7+ Qxf7 21. Nd6 Qe7 22. Nxe8 Rxe8 23. Ke2 Bxb2 24. Rg1+ Kh8 25. Raf1 Qf7 26. c4 Qh5+ 27. f3 Bc3 28. Qc1 Bd4 29. Rg2 Nc3+ 30. Ke1 Qh4+ 31. Rff2 Qh1+ 0-1

[Event "Berlin Lichtenberger op 14th"]
[Site "Berlin"]
[Date "2015.08.19"]
[Round "5"]
[White "Heldt, Ronny"]
[Black "Albert, Joerg"]
[Result "0-1"]
[WhiteElo "1922"]
[BlackElo "2201"]
[PlyCount "86"]
[EventDate "2015.08.15"]
[EventType "swiss"]
[EventRounds "9"]
[EventCountry "GER"]
[SourceTitle "EXT 2016"]
[Source "ChessBase"]
[SourceDate "2015.10.08"]
[SourceVersion "1"]
[SourceVersionDate "2015.10.08"]
[SourceQuality "1"]

1. d4 d5 2. c4 e6 3. Nc3 a6 4. cxd5 exd5 5. Bf4 Nf6 6. e3 c5 7. h3 Nc6 8. Nf3 c4 9. Be2 Bb4 10. 0-0 0-0 11. Rc1 Bf5 12. Ne5 Rc8 13. a3 Bxc3 14. Rxc3 Ne4 15. Rc1 Nxe5 16. Bxe5 f6 17. Bf4 b5 18. Bg4 Bxg4 19. Qxg4 f5 20. Qh5 Nd2 21. Rfe1 Nb3 22. Rcd1 Qd7 23. Kh2 Qf7 24. Qf3 Rc6 25. Rg1 Rg6 26. g4 fxg4 27. Rxg4 Rxg4 28. Qxg4 Qf5 29. Qg2 Rf6 30. Be5 Rf7 31. f4 Qd7 32. Rg1 Na5 33. f5 Nc6 34. f6 Nxe5 35. dxe5 Qe6 36. Qg5 h6 37. Qf4 Kf8 38. fxg7+ Kg8 39. Qh4 Qxe5+ 40. Rg3 Qxb2+ 41. Rg2 Qe5+ 42. Kg1 Qxe3+ 43. Kh2 Qf4+ 0-1

[Event "GER-ch U18"]
[Site "Willingen"]
[Date "2015.05.28"]
[Round "7"]
[White "Siegert, Gregor"]
[Black "Heldt, Ronny"]
[Result "0-1"]
[WhiteElo "1933"]
[BlackElo "1754"]
[PlyCount "52"]
[EventDate "2015.05.24"]
[EventType "swiss"]
[EventRounds "9"]
[EventCountry "GER"]
[SourceTitle "CBM 166 Extra"]
[Source "ChessBase"]
[SourceDate "2015.06.18"]
[SourceVersion "1"]
[SourceVersionDate "2015.06.18"]
[SourceQuality "1"]

1. Nf3 d5 2. g3 Bg4 3. Bg2 c6 4. Ne5 Bf5 5. c4 e6 6. d4 Nd7 7. Bf4 Bxb1 8. Nxd7 Qxd7 9. Rxb1 Bb4+ 10. Bd2 Bxd2+ 11. Qxd2 Ne7 12. 0-0 0-0 13. Rfc1 a5 14. c5 Ng6 15. b4 axb4 16. Rxb4 e5 17. Qb2 exd4 18. Rxb7 Qe6 19. Qxd4 Rxa2 20. e4 dxe4 21. Qxe4 Qf6 22. Qxc6 Qxf2+ 23. Kh1 Ne5 24. Qd5 Rd2 25. Qe4 Re2 26. Qd5 Re1+ 0-1

[Event "GER-ch U18"]
[Site "Willingen"]
[Date "2015.05.25"]
[Round "3"]
[White "Eichstaedt, Mirko"]
[Black "Heldt, Ronny"]
[Result "0-1"]
[WhiteElo "2054"]
[BlackElo "1754"]
[PlyCount "108"]
[EventDate "2015.05.24"]
[EventType "swiss"]
[EventRounds "9"]
[EventCountry "GER"]
[SourceTitle "CBM 166 Extra"]
[Source "ChessBase"]
[SourceDate "2015.06.18"]
[SourceVersion "1"]
[SourceVersionDate "2015.06.18"]
[SourceQuality "1"]

1. d4 Nf6 2. c4 g6 3. Nf3 Bg7 4. g3 d6 5. Bg2 0-0 6. 0-0 Nc6 7. Nc3 a6 8. e4 e5 9. a3 Rb8 10. Qd3 exd4 11. Nxd4 Nxd4 12. Qxd4 b5 13. Qd3 Nd7 14. cxb5 axb5 15. Bf4 Nc5 16. Qe3 b4 17. axb4 Rxb4 18. Rab1 Re8 19. Bg5 f6 20. Bh6 Bb7 21. Bxg7 Kxg7 22. Qd2 Nb3 23. Qd1 Nc5 24. f3 Ba6 25. Rf2 Qb8 26. Bf1 Bxf1 27. Kxf1 Rb3 28. Kg2 Nd7 29. Qc2 Ne5 30. Rd1 c5 31. f4 Nc6 32. Rdd2 Nd4 33. Qd1 Qb7 34. Kg1 f5 35. exf5 Nxf5 36. g4 Nd4 37. f5 Re3 38. Rxd4 cxd4 39. Qxd4+ Re5 40. fxg6 hxg6 41. Qd2 Rxb2 42. Qc1 Rxf2 43. Kxf2 Qb6+ 44. Kf1 Qc6 45. Kf2 Rc5 46. Qe3 Rxc3 47. Qe7+ Kg8 48. Qe6+ Kf8 49. Qf6+ Ke8 50. Qxg6+ Kd8 51. Qf6+ Kc8 52. g5 Qc5+ 53. Kg2 Qd5+ 54. Kg1 Qd1+ 0-1

[Event "GER-ch U18"]
[Site "Willingen"]
[Date "2015.05.24"]
[Round "1"]
[White "Peil, Christoph"]
[Black "Heldt, Ronny"]
[Result "1-0"]
[WhiteElo "2171"]
[BlackElo "1754"]
[PlyCount "36"]
[EventDate "2015.05.24"]
[EventType "swiss"]
[EventRounds "9"]
[EventCountry "GER"]
[SourceTitle "CBM 166 Extra"]
[Source "ChessBase"]
[SourceDate "2015.06.18"]
[SourceVersion "1"]
[SourceVersionDate "2015.06.18"]
[SourceQuality "1"]

1. d4 e6 2. c4 d5 3. Nc3 Be7 4. Nf3 c6 5. e4 dxe4 6. Nxe4 Nf6 7. Bd3 Nbd7 8. Nc3 a6 9. 0-0 0-0 10. Re1 b5 11. Ne5 Bb7 12. Qf3 Qc8 13. Bg5 h6 14. Bh4 bxc4 15. Bxc4 c5 16. d5 Nxd5 17. Bxd5 Bxd5 18. Nxd5 Nxe5 1-0

[Event "Magdeburg op-A"]
[Site "Magdeburg"]
[Date "2014.06.13"]
[Round "8"]
[White "Heldt, Ronny"]
[Black "Gressmann, Hanna"]
[Result "1/2-1/2"]
[WhiteElo "1758"]
[BlackElo "1576"]
[PlyCount "43"]
[EventDate "2014.06.08"]
[EventType "swiss"]
[EventRounds "9"]
[EventCountry "GER"]
[SourceTitle "CBM 160 Extra"]
[Source "ChessBase"]
[SourceDate "2014.07.01"]
[SourceVersion "1"]
[SourceVersionDate "2014.07.01"]
[SourceQuality "1"]

1. d4 d5 2. c4 e6 3. Nc3 Be7 4. cxd5 exd5 5. Qc2 Nf6 6. Bg5 c6 7. e3 0-0 8. Bd3 Nbd7 9. Nge2 Re8 10. 0-0 Nf8 11. f3 Ng6 12. Rad1 Qa5 13. Bxg6 hxg6 14. Bxf6 gxf6 15. e4 dxe4 16. fxe4 Bg4 17. h3 Bd7 18. Nf4 f5 19. e5 Bg5 20. Qb3 Bxf4 21. Rxf4 Qc7 22. Rff1 1/2-1/2

[Event "Berlin Lichtenrade op 09th"]
[Site "Berlin"]
[Date "2013.09.28"]
[Round "1"]
[White "Heldt, Ronny"]
[Black "Rabiega, Robert"]
[Result "0-1"]
[WhiteElo "1817"]
[BlackElo "2507"]
[PlyCount "69"]
[EventDate "2013.09.28"]
[EventType "swiss"]
[EventRounds "9"]
[EventCountry "GER"]
[SourceTitle "CBM 156 Extra"]
[Source "ChessBase"]
[SourceDate "2013.10.22"]
[SourceVersion "1"]
[SourceVersionDate "2013.10.22"]
[SourceQuality "1"]

1. Nf3 Nc6 2. g3 e5 3. d3 d5 4. Bg2 g6 5. Bg5 f6 6. Bc1 Bg7 7. 0-0 Nge7 8. Nbd2 Be6 9. e4 0-0 10. Qe2 Qd7 11. a3 a5 12. b3 Bg4 13. Bb2 d4 14. Qe1 g5 15. h4 h6 16. Kh2 Ng6 17. hxg5 fxg5 18. Ng1 Rf7 19. Nh3 Qe7 20. f3 Be6 21. Nf2 h5 22. Bh3 Raf8 23. Qe2 Bh6 24. g4 Nf4 25. Qd1 Qd7 26. Kg3 Ne7 27. Nc4 Neg6 28. c3 Nxh3 29. Nxh3 hxg4 30. Ng1 gxf3 31. Rxf3 g4 32. Rxf7 Qxf7 33. Qe2 Bf4+ 34. Kf2 Be3+ 35. Kg2 0-1

[Event "GER-ch U16"]
[Site "Oberhof"]
[Date "2013.05.19"]
[Round "1"]
[White "Sabirov, Ramil"]
[Black "Heldt, Ronny"]
[Result "1/2-1/2"]
[WhiteElo "1900"]
[BlackElo "1858"]
[PlyCount "51"]
[EventDate "2013.05.19"]
[EventType "swiss"]
[EventRounds "9"]
[EventCountry "GER"]
[SourceTitle "CBM 154 Extra"]
[Source "ChessBase"]
[SourceDate "2013.06.25"]
[SourceVersion "2"]
[SourceVersionDate "2013.06.25"]
[SourceQuality "1"]

1. Nf3 d5 2. c4 e6 3. g3 Nf6 4. Bg2 Be7 5. b3 Nbd7 6. Bb2 c6 7. 0-0 0-0 8. d4 Ne4 9. Nfd2 f5 10. Nc3 Ndf6 11. f3 Nxc3 12. Bxc3 c5 13. e3 Rb8 14. Qe2 b6 15. Rfd1 Bb7 16. Rac1 Rc8 17. Bb2 Qd7 18. Nf1 Rfd8 19. Kh1 Qe8 20. Re1 Qg6 21. Nd2 Nh5 22. Rcd1 Qh6 23. Kg1 Bg5 24. Nb1 Ba6 25. Na3 Be7 26. Rc1 1/2-1/2

[Event "Berlin-ch QT"]
[Site "Berlin"]
[Date "2013.04.07"]
[Round "9"]
[White "Heldt, Ronny"]
[Black "Keskowski, Thilo"]
[Result "1/2-1/2"]
[WhiteElo "1837"]
[BlackElo "2099"]
[PlyCount "39"]
[EventDate "2013.03.30"]
[EventType "swiss"]
[EventRounds "9"]
[EventCountry "GER"]
[SourceTitle "EXT 2023"]
[Source "ChessBase"]
[SourceDate "2022.10.05"]
[SourceVersion "1"]
[SourceVersionDate "2022.10.05"]
[SourceQuality "1"]

1. d4 Nf6 2. c4 e6 3. Nc3 Bb4 4. Qc2 0-0 5. a3 Bxc3+ 6. Qxc3 b6 7. e3 Bb7 8. Ne2 d6 9. Qc2 Nbd7 10. Nc3 c5 11. f3 d5 12. Be2 cxd4 13. exd4 e5 14. dxe5 Nxe5 15. cxd5 Nxd5 16. 0-0 Rc8 17. Bd2 Qe7 18. Nxd5 Bxd5 19. Bc3 Rfe8 20. Rad1 1/2-1/2

[Event "GER-ch U12"]
[Site "Oberhof"]
[Date "2010.05.28"]
[Round "10"]
[White "Heldt, Ronny"]
[Black "Bentel, Robin"]
[Result "0-1"]
[WhiteElo "1584"]
[BlackElo "1642"]
[PlyCount "110"]
[EventDate "2010.05.22"]
[EventType "swiss"]
[EventRounds "11"]
[EventCountry "GER"]
[SourceTitle "CBM 136 Extra"]
[Source "ChessBase"]
[SourceDate "2010.07.02"]
[SourceVersion "2"]
[SourceVersionDate "2010.07.15"]
[SourceQuality "1"]

1. d4 d5 2. c4 e6 3. Nc3 Nf6 4. cxd5 exd5 5. Bg5 Be7 6. e3 0-0 7. Bd3 c6 8. Qc2 h6 9. Bh4 Re8 10. Nge2 Be6 11. 0-0 Nbd7 12. f3 Rc8 13. Bf2 c5 14. Rad1 Bf8 15. Bf5 Bxf5 16. Qxf5 g6 17. Qd3 c4 18. Qb1 a6 19. a4 Rb8 20. Qa2 b5 21. Ra1 b4 22. Nd1 a5 23. h3 Nb6 24. Rb1 Qd7 25. Ra1 b3 26. Qb1 Nxa4 27. Ndc3 Nxc3 28. Nxc3 Bb4 29. Qc1 Bxc3 30. Qxc3 a4 31. Bh4 g5 32. Bg3 Ra8 33. Be5 Qe6 34. Bxf6 Qxf6 35. e4 Qc6 36. Rfe1 dxe4 37. fxe4 Rxe4 38. Rxe4 Qxe4 39. Qxc4 Qc2 40. Qxc2 bxc2 41. Rc1 Rc8 42. Kf2 Kf8 43. Ke3 Ke7 44. Kd3 Kd6 45. Ke4 f5+ 46. Kd3 Kd5 47. g3 Rc4 48. Ke3 f4+ 49. gxf4 gxf4+ 50. Kd2 Rxd4+ 51. Kxc2 Rc4+ 52. Kd2 Rxc1 53. Kxc1 Ke4 54. Kd2 Kf3 55. Ke1 Kg2 0-1

[Event "GER-ch U12"]
[Site "Oberhof"]
[Date "2010.05.24"]
[Round "3"]
[White "Heldt, Ronny"]
[Black "Berkes, Alexander"]
[Result "0-1"]
[WhiteElo "1584"]
[BlackElo "1610"]
[PlyCount "130"]
[EventDate "2010.05.22"]
[EventType "swiss"]
[EventRounds "11"]
[EventCountry "GER"]
[SourceTitle "CBM 136 Extra"]
[Source "ChessBase"]
[SourceDate "2010.07.02"]
[SourceVersion "2"]
[SourceVersionDate "2010.07.15"]
[SourceQuality "1"]

1. d4 Nf6 2. c4 g6 3. Nf3 Bg7 4. g3 d6 5. Bg2 0-0 6. 0-0 Nbd7 7. Nc3 e5 8. e4 Re8 9. Re1 h6 10. h3 Nh7 11. Be3 Nhf8 12. Qd2 Kh7 13. Rad1 Nb6 14. b3 Qf6 15. Kh2 Bd7 16. c5 Nc8 17. dxe5 dxe5 18. Nd5 Qd8 19. Qb4 Rb8 20. Qa5 c6 21. Qxd8 Rxd8 22. Nb4 Ne7 23. Nd3 f6 24. Nb2 Ne6 25. Nc4 Nc8 26. Rd3 Be8 27. Red1 Rxd3 28. Rxd3 Bf8 29. Nd6 Nxd6 30. cxd6 Rd8 31. d7 Rxd7 32. Rxd7+ Bxd7 33. Bxa7 Nc7 34. Bf1 Kg7 35. Ne1 c5 36. Nd3 Ne6 37. a4 Nd4 38. Bxc5 Nxb3 39. Be3 Bxa4 40. f4 Bb5 41. Kg1 Bd6 42. Kf2 Na5 43. Bc5 Bxd3 44. Bxd6 Bxf1 45. Kxf1 Nc4 46. Bb4 Kf7 47. Ke2 Ke6 48. Kd3 Nd6 49. Bd2 h5 50. Bc3 Nf7 51. Bb2 Kd6 52. Ba3+ Kc6 53. Be7 f5 54. Bf6 exf4 55. gxf4 fxe4+ 56. Kxe4 b5 57. Ba1 Kc5 58. h4 Kc4 59. Bg7 b4 60. Ba1 Kc5 61. Bd4+ Kd6 62. Bg7 Ke6 63. Bd4 Nd6+ 64. Kf3 Nf5 65. Bf2 b3 0-1

[Event "GER-ch U12"]
[Site "Oberhof"]
[Date "2010.05.24"]
[Round "4"]
[White "Trotzke, Johannes"]
[Black "Heldt, Ronny"]
[Result "0-1"]
[WhiteElo "1357"]
[BlackElo "1584"]
[PlyCount "60"]
[EventDate "2010.05.22"]
[EventType "swiss"]
[EventRounds "11"]
[EventCountry "GER"]
[SourceTitle "CBM 136 Extra"]
[Source "ChessBase"]
[SourceDate "2010.07.02"]
[SourceVersion "2"]
[SourceVersionDate "2010.07.15"]
[SourceQuality "1"]

1. e4 e6 2. d4 d5 3. exd5 exd5 4. Bd3 c5 5. c3 Nc6 6. Nf3 Bd6 7. 0-0 Bg4 8. Re1+ Nge7 9. h3 Bh5 10. dxc5 Bxc5 11. b4 Bd6 12. Be3 Bg6 13. Bxg6 hxg6 14. Bd4 0-0 15. Ng5 Nf5 16. Nf3 Qc7 17. Na3 Ncxd4 18. cxd4 Bxb4 19. Nb5 Qa5 20. Re2 Qxb5 21. Rb2 Qa5 22. Rab1 Bd6 23. Rb5 Qxa2 24. R1b2 Qc4 25. Rxb7 Rfb8 26. Rxb8+ Rxb8 27. Rxb8+ Bxb8 28. Qb1 Bd6 29. Ng5 Nxd4 30. Qe1 Ne2+ 0-1

[Event "GER-chT U14"]
[Site "Arendsee"]
[Date "2009.12.27"]
[Round "1.4"]
[White "Keller, Peter1111"]
[Black "Heldt, Ronny"]
[Result "1-0"]
[WhiteElo "1621"]
[BlackElo "1365"]
[PlyCount "25"]
[EventDate "2009.12.27"]
[EventType "team-swiss"]
[EventRounds "7"]
[EventCountry "GER"]
[SourceTitle "EXT 2022"]
[Source "ChessBase"]
[SourceDate "2021.10.06"]
[SourceVersion "1"]
[SourceVersionDate "2021.10.06"]
[SourceQuality "1"]
[WhiteTeam "Frankfurt TV U14"]
[BlackTeam "Treptow"]
[WhiteTeamCountry "GER"]
[BlackTeamCountry "GER"]

1. e4 e6 2. d4 d5 3. Nc3 Nf6 4. e5 Nfd7 5. Nf3 c5 6. dxc5 Bxc5 7. Bd3 Nc6 8. Bf4 Qc7 9. 0-0 0-0 10. Bxh7+ Kh8 11. Bd3 Be7 12. Re1 a6 13. Ng5 1-0

[Event "Berlin Lichtenberger op 8th"]
[Site "Berlin"]
[Date "2009.08.20"]
[Round "6"]
[White "Pitz, Marko"]
[Black "Heldt, Ronny"]
[Result "1/2-1/2"]
[WhiteElo "1478"]
[BlackElo "1112"]
[PlyCount "36"]
[EventDate "2009.08.15"]
[EventType "swiss"]
[EventRounds "9"]
[EventCountry "GER"]
[SourceTitle "CBM 131 Extra"]
[Source "ChessBase"]
[SourceDate "2009.09.03"]
[SourceVersion "2"]
[SourceVersionDate "2009.09.16"]
[SourceQuality "1"]

1. d4 d5 2. e4 e6 3. Nc3 Nf6 4. a3 Nxe4 5. Qd3 Nxc3 6. Qxc3 Bd7 7. Nf3 Be7 8. Bd3 a6 9. 0-0 0-0 10. a4 Nc6 11. Qd2 Nb4 12. Be2 c5 13. c3 Nc6 14. Bd3 c4 15. Bb1 Rb8 16. Qc2 g6 17. Bf4 Ra8 18. Re1 Bf6 1/2-1/2

[Event "Berlin Lichtenberger op 8th"]
[Site "Berlin"]
[Date "2009.08.16"]
[Round "2"]
[White "Yuan, Yizheng"]
[Black "Heldt, Ronny"]
[Result "1-0"]
[WhiteElo "1770"]
[BlackElo "1112"]
[PlyCount "89"]
[EventDate "2009.08.15"]
[EventType "swiss"]
[EventRounds "9"]
[EventCountry "GER"]
[SourceTitle "CBM 131 Extra"]
[Source "ChessBase"]
[SourceDate "2009.09.03"]
[SourceVersion "2"]
[SourceVersionDate "2009.09.16"]
[SourceQuality "1"]

1. e4 e6 2. d4 d5 3. Nc3 Nf6 4. Bg5 dxe4 5. Nxe4 Nbd7 6. Nf3 h6 7. Bxf6 Nxf6 8. Bd3 Nxe4 9. Bxe4 c5 10. 0-0 cxd4 11. Nxd4 Be7 12. Qd2 0-0 13. Rfd1 f5 14. Bf3 e5 15. Nb5 a6 16. Qc3 Qb6 17. Nc7 Ra7 18. Nd5 Qc5 19. Qxe5 Bd6 20. Qe2 Bd7 21. Nc3 b5 22. Rd5 Qc7 23. Rad1 Bf4 24. Rxd7 Qxd7 25. Rxd7 Rxd7 26. Qe6+ Rff7 27. Bh5 Rde7 28. Bxf7+ Rxf7 29. Nd5 Bg5 30. f4 Bd8 31. Qxa6 Kh8 32. Qxb5 Rf8 33. a4 g5 34. Qd7 gxf4 35. Nxf4 Bg5 36. Ng6+ Kg8 37. Nxf8 Kxf8 38. a5 Kg8 39. Kf2 Bh4+ 40. Kf3 f4 41. a6 Bf6 42. a7 Bg7 43. a8Q+ Bf8 44. Qad5+ Kh8 45. Q5f7 1-0